{"text_format":"3","workbook":"xlsx","n_sheets":1,"sheets":["t641"],"read":"whole","date_system":"1900"}

{"sheet":"t641","index":0,"n_rows":165,"n_cols":7,"rows_kept":165,"merged":[[0,0,0,6],[28,0,28,5],[45,0,45,5],[145,0,145,5]]}
["TABELA 641.1 - Estatísticas Agrícolas, Município de Trabiju, Estado de São Paulo, 2016/17."]
["ITEM","UNIDADE","N.DE UPAs","MÍNIMO","MÉDIO","MÁXIMO","TOTAL"]
["Distância à sede do município","km",80,0.1,6.1,{"v":19,"d":"19.0"},"-"]
["Área total","hectare",80,3.6,74.6,{"v":498,"d":"498.0"},{"v":5968.06,"d":"5,968.1"}]
["Área com cultura perene","hectare",6,0.4,{"v":46.17,"d":"46.2"},133.8,{"v":277,"d":"277.0"}]
["Área com cultura temporária","hectare",66,0.9,{"v":50.42,"d":"50.4"},401.2,{"v":3327.7,"d":"3,327.7"}]
["Área com pastagem","hectare",56,{"v":1,"d":"1.0"},{"v":19.32,"d":"19.3"},100.8,{"v":1082,"d":"1,082.0"}]
["Área com reflorestamento","hectare",5,0.5,{"v":3.84,"d":"3.8"},9.4,19.2]
["Área com vegetação natural","hectare",55,{"v":1,"d":"1.0"},{"v":19.34,"d":"19.3"},96.8,{"v":1063.66,"d":"1,063.7"}]
["Área com vegetação de brejo e várzea","hectare",13,0.9,{"v":5.57,"d":"5.6"},21.4,{"v":72.46,"d":"72.5"}]
["Área em descanso","hectare",2,{"v":2,"d":"2.0"},2.5,{"v":3,"d":"3.0"},{"v":5,"d":"5.0"}]
["Área complementar","hectare",61,0.2,{"v":1.98,"d":"2.0"},14.6,{"v":121.04,"d":"121.0"}]
["Área das UPAs com (0, 1] ha","hectare","-","-","-","-","-"]
["Área das UPAs com (1, 2] ha","hectare","-","-","-","-","-"]
["Área das UPAs com (2, 5] ha","hectare",5,3.6,{"v":4.07,"d":"4.1"},{"v":4.64,"d":"4.6"},{"v":20.36,"d":"20.4"}]
["Área das UPAs com (5, 10] ha","hectare",9,{"v":6,"d":"6.0"},{"v":7.46,"d":"7.5"},9.7,{"v":67.15,"d":"67.2"}]
["Área das UPAs com (10, 20] ha","hectare",12,10.1,{"v":14.71,"d":"14.7"},{"v":19.95,"d":"20.0"},{"v":176.53,"d":"176.5"}]
["Área das UPAs com (20, 50] ha","hectare",22,22.3,{"v":33.37,"d":"33.4"},48.4,{"v":734.24,"d":"734.2"}]
["Área das UPAs com (50, 100] ha","hectare",12,{"v":51.83,"d":"51.8"},{"v":72.54,"d":"72.5"},91.9,{"v":870.53,"d":"870.5"}]
["Área das UPAs com (100, 200] ha","hectare",11,{"v":110.55,"d":"110.6"},{"v":132.61,"d":"132.6"},191.1,{"v":1458.75,"d":"1,458.8"}]
["Área das UPAs com (200, 500] ha","hectare",9,210.5,{"v":293.39,"d":"293.4"},{"v":498,"d":"498.0"},{"v":2640.5,"d":"2,640.5"}]
["Área das UPAs com (500, 1.000] ha","hectare","-","-","-","-","-"]
["Área das UPAs com (1.000, 2.000] ha","hectare","-","-","-","-","-"]
["Área das UPAs com (2.000, 5.000] ha","hectare","-","-","-","-","-"]
["Área das UPAs com (5.000, 10.000] ha","hectare","-","-","-","-","-"]
["Área das UPAs acima de 10.000 ha","hectare","-","-","-","-","-"]
["Fonte: Secretaria de Agricultura e Abastecimento, CDRS/IEA, Projeto LUPA."]
[]
["TABELA 641.2 - Explorações Animais, Município de Trabiju, Estado de São Paulo, 2016/17."]
["ITEM","UNIDADE","N.DE UPAs","MÍNIMO","MÉDIO","MÁXIMO","TOTAL"]
["Apicultura","colmeias",1,{"v":1000,"d":"1,000.0"},{"v":1000,"d":"1,000.0"},{"v":1000,"d":"1,000.0"},{"v":1000,"d":"1,000.0"}]
["Asininos e muares","cabecas",2,{"v":1,"d":"1.0"},{"v":1,"d":"1.0"},{"v":1,"d":"1.0"},{"v":2,"d":"2.0"}]
["Avicultura de corte","cabecas/ano",3,{"v":75000,"d":"75,000.0"},{"v":560666.67,"d":"560,666.7"},{"v":1362000,"d":"1,362,000.0"},{"v":1682000,"d":"1,682,000.0"}]
["Avicultura ornamental/decorativa/exotica","cabecas",1,{"v":35,"d":"35.0"},{"v":35,"d":"35.0"},{"v":35,"d":"35.0"},{"v":35,"d":"35.0"}]
["Avicultura para ovos","cabecas",8,{"v":6,"d":"6.0"},{"v":7047.63,"d":"7,047.6"},{"v":56000,"d":"56,000.0"},{"v":56381,"d":"56,381.0"}]
["Bovinocultura de corte","cabecas",17,{"v":1,"d":"1.0"},{"v":48.47,"d":"48.5"},{"v":128,"d":"128.0"},{"v":824,"d":"824.0"}]
["Bovinocultura leiteira","cabecas",12,{"v":2,"d":"2.0"},{"v":32.33,"d":"32.3"},{"v":126,"d":"126.0"},{"v":388,"d":"388.0"}]
["Bovinocultura mista","cabecas",17,{"v":6,"d":"6.0"},{"v":34.47,"d":"34.5"},{"v":85,"d":"85.0"},{"v":586,"d":"586.0"}]
["Bubalinocultura","cabecas",2,{"v":65,"d":"65.0"},132.5,{"v":200,"d":"200.0"},{"v":265,"d":"265.0"}]
["Equinocultura","cabecas",22,{"v":1,"d":"1.0"},{"v":4.32,"d":"4.3"},{"v":15,"d":"15.0"},{"v":95,"d":"95.0"}]
["Ovinocultura","cabecas",3,{"v":8,"d":"8.0"},{"v":23.67,"d":"23.7"},{"v":51,"d":"51.0"},{"v":71,"d":"71.0"}]
["Piscicultura","m2 tanques",2,{"v":1800,"d":"1,800.0"},{"v":18750,"d":"18,750.0"},{"v":35700,"d":"35,700.0"},{"v":37500,"d":"37,500.0"}]
["Suinocultura","cabecas",10,{"v":2,"d":"2.0"},22.8,{"v":120,"d":"120.0"},{"v":228,"d":"228.0"}]
["Fonte: Secretaria de Agricultura e Abastecimento, CDRS/IEA, Projeto LUPA."]
[]
["TABELA 641.3 -  Máquinas, Implementos e Benfeitorias, Município de Trabiju, Estado de São Paulo, 2016/17."]
["ITEM","UNIDADE","N.DE UPAs","MÍNIMO","MÉDIO","MÁXIMO","TOTAL"]
["Arado comum (bacia, aiveca)","unidade",14,{"v":1,"d":"1.0"},{"v":1.14,"d":"1.1"},{"v":2,"d":"2.0"},{"v":16,"d":"16.0"}]
["Arado escarificador","unidade",2,{"v":1,"d":"1.0"},1.5,{"v":2,"d":"2.0"},{"v":3,"d":"3.0"}]
["Arado subsolador","unidade",7,{"v":1,"d":"1.0"},{"v":1.29,"d":"1.3"},{"v":2,"d":"2.0"},{"v":9,"d":"9.0"}]
["Batedeira de cereais","unidade",2,{"v":1,"d":"1.0"},{"v":1,"d":"1.0"},{"v":1,"d":"1.0"},{"v":2,"d":"2.0"}]
["Carregadeira de cana","unidade",1,{"v":1,"d":"1.0"},{"v":1,"d":"1.0"},{"v":1,"d":"1.0"},{"v":1,"d":"1.0"}]
["Colhedeira acoplada","unidade",2,{"v":1,"d":"1.0"},{"v":1,"d":"1.0"},{"v":1,"d":"1.0"},{"v":2,"d":"2.0"}]
["Conj.irrigacao/gotejamento/microaspersao","unidade",1,{"v":1,"d":"1.0"},{"v":1,"d":"1.0"},{"v":1,"d":"1.0"},{"v":1,"d":"1.0"}]
["Desintegrador, picador, triturador","unidade",32,{"v":1,"d":"1.0"},{"v":1.13,"d":"1.1"},{"v":2,"d":"2.0"},{"v":36,"d":"36.0"}]
["Distribuidor de calcario","unidade",4,{"v":1,"d":"1.0"},{"v":1.25,"d":"1.3"},{"v":2,"d":"2.0"},{"v":5,"d":"5.0"}]
["Ensiladeira","unidade",4,{"v":1,"d":"1.0"},{"v":1.25,"d":"1.3"},{"v":2,"d":"2.0"},{"v":5,"d":"5.0"}]
["Grade aradora (tipo romi)","unidade",5,{"v":1,"d":"1.0"},{"v":1,"d":"1.0"},{"v":1,"d":"1.0"},{"v":5,"d":"5.0"}]
["Grade niveladora","unidade",8,{"v":1,"d":"1.0"},{"v":1,"d":"1.0"},{"v":1,"d":"1.0"},{"v":8,"d":"8.0"}]
["Implementos para tracao animal","unidade",6,{"v":1,"d":"1.0"},{"v":1.33,"d":"1.3"},{"v":2,"d":"2.0"},{"v":8,"d":"8.0"}]
["Misturador de racao","unidade",3,{"v":1,"d":"1.0"},{"v":1,"d":"1.0"},{"v":1,"d":"1.0"},{"v":3,"d":"3.0"}]
["Mmicrotrator","unidade",1,{"v":1,"d":"1.0"},{"v":1,"d":"1.0"},{"v":1,"d":"1.0"},{"v":1,"d":"1.0"}]
["Ordenhadeira mecanica","unidade",9,{"v":1,"d":"1.0"},{"v":1.33,"d":"1.3"},{"v":3,"d":"3.0"},{"v":12,"d":"12.0"}]
["Pulverizador tratorizado","unidade",4,{"v":1,"d":"1.0"},{"v":1.25,"d":"1.3"},{"v":2,"d":"2.0"},{"v":5,"d":"5.0"}]
["Resfriador de leite, tanque expansao","unidade",9,{"v":1,"d":"1.0"},{"v":1,"d":"1.0"},{"v":1,"d":"1.0"},{"v":9,"d":"9.0"}]
["Semeadeira/adubadeira para plantio convencional","unidade",4,{"v":1,"d":"1.0"},{"v":1.25,"d":"1.3"},{"v":2,"d":"2.0"},{"v":5,"d":"5.0"}]
["Semeadeira/plantadeira plantio direto","unidade",3,{"v":1,"d":"1.0"},{"v":1,"d":"1.0"},{"v":1,"d":"1.0"},{"v":3,"d":"3.0"}]
["Trator de pneus  acima de 85 cv","unidade",1,{"v":1,"d":"1.0"},{"v":1,"d":"1.0"},{"v":1,"d":"1.0"},{"v":1,"d":"1.0"}]
["Trator de pneus até 65 cv","unidade",3,{"v":1,"d":"1.0"},{"v":1,"d":"1.0"},{"v":1,"d":"1.0"},{"v":3,"d":"3.0"}]
["Trator de pneus de 66 cv a 85 cv","unidade",32,{"v":1,"d":"1.0"},{"v":1.34,"d":"1.3"},{"v":3,"d":"3.0"},{"v":43,"d":"43.0"}]
["Acude/represa","unidade",18,{"v":1,"d":"1.0"},{"v":1.83,"d":"1.8"},{"v":5,"d":"5.0"},{"v":33,"d":"33.0"}]
["Almoxarifado/oficina","unidade",10,{"v":1,"d":"1.0"},1.1,{"v":2,"d":"2.0"},{"v":11,"d":"11.0"}]
["Armazem para graos ensacados","sacas",9]
["Balanca para bovinos","unidade",1,{"v":1,"d":"1.0"},{"v":1,"d":"1.0"},{"v":1,"d":"1.0"},{"v":1,"d":"1.0"}]
["Barracao para granja/avicultura","unidade",7,{"v":1,"d":"1.0"},{"v":2.57,"d":"2.6"},{"v":8,"d":"8.0"},{"v":18,"d":"18.0"}]
["Barracao/galpao/garagem","unidade",35,{"v":1,"d":"1.0"},1.4,{"v":4,"d":"4.0"},{"v":49,"d":"49.0"}]
["Biodigestor","unidade",1,{"v":1,"d":"1.0"},{"v":1,"d":"1.0"},{"v":1,"d":"1.0"},{"v":1,"d":"1.0"}]
["Casa de moradia habitada","unidade",42,{"v":1,"d":"1.0"},{"v":1.43,"d":"1.4"},{"v":5,"d":"5.0"},{"v":60,"d":"60.0"}]
["Casa de moradia total","unidade",54,{"v":1,"d":"1.0"},{"v":1.98,"d":"2.0"},{"v":7,"d":"7.0"},{"v":107,"d":"107.0"}]
["Curral/mangueira","unidade",44,{"v":1,"d":"1.0"},{"v":1.07,"d":"1.1"},{"v":2,"d":"2.0"},{"v":47,"d":"47.0"}]
["Deposito/tulha","unidade",14,{"v":1,"d":"1.0"},{"v":1,"d":"1.0"},{"v":1,"d":"1.0"},{"v":14,"d":"14.0"}]
["Engenho","unidade",1,{"v":1,"d":"1.0"},{"v":1,"d":"1.0"},{"v":1,"d":"1.0"},{"v":1,"d":"1.0"}]
["Estabulo","unidade",23,{"v":1,"d":"1.0"},{"v":1.04,"d":"1.0"},{"v":2,"d":"2.0"},{"v":24,"d":"24.0"}]
["Estufa/plasticultura","m2",1]
["Instalacoes para equinos","unidade",2,{"v":4,"d":"4.0"},6.5,{"v":9,"d":"9.0"},{"v":13,"d":"13.0"}]
["Pocilga","unidade",12,{"v":1,"d":"1.0"},{"v":1,"d":"1.0"},{"v":1,"d":"1.0"},{"v":12,"d":"12.0"}]
["Poco semi-artesiano","unidade",10,{"v":1,"d":"1.0"},1.1,{"v":2,"d":"2.0"},{"v":11,"d":"11.0"}]
["Secador de graos","unidade",1,{"v":1,"d":"1.0"},{"v":1,"d":"1.0"},{"v":1,"d":"1.0"},{"v":1,"d":"1.0"}]
["Silo para graos","ton",1]
["Silo para silagem","ton",4]
["Terreiro","m2",4]
["Fonte: Secretaria de Agricultura e Abastecimento, CDRS/IEA, Projeto LUPA."]
[]
["TABELA 641.4 - Outras Estatísticas Agrícolas, Município de Trabiju, Estado de São Paulo, 2016/17."]
["ITEM","Número de UPAs",null,"Percentual"]
["Faz Parte de Associação de Produtores",40,null,{"v":50,"d":"50.0"}]
["Faz Parte de Cooperativa de Produtores",40,null,{"v":50,"d":"50.0"}]
["Faz Parte do Sindicato de Produtores",7,null,{"v":8.75,"d":"8.8"}]
["Não utiliza assistência técnica ",30,null,37.5]
["Utiliza somente assistência técnica governamental ",9,null,{"v":11.25,"d":"11.3"}]
["Utiliza somente assistência técnica privada ",33,null,{"v":41.25,"d":"41.3"}]
["Utiliza assistência técnica tanto governamental quanto privada",8,null,{"v":10,"d":"10.0"}]
["Utiliza Crédito Rural",6,null,7.5]
["Utiliza Seguro Rural",1,null,{"v":1.25,"d":"1.3"}]
["Utiliza Escrituração Agrícola",46,null,57.5]
["Acessa Internet p/ Fins na Agropecuária",10,null,12.5]
["Utiliza Computador nas Atividades Agropecuárias",4,null,{"v":5,"d":"5.0"}]
["Utiliza Energia Elétrica Para Uso na Atividade Agrícola",48,null,{"v":60,"d":"60.0"}]
["Utiliza Energia Alternativa","-",null,"-"]
["Realiza Análise de Solo, quando necessário",20,null,{"v":25,"d":"25.0"}]
["Realiza Calagem",11,null,{"v":13.75,"d":"13.8"}]
["Utiliza Práticas de Conservação de Solo, quando necessário",59,null,{"v":73.75,"d":"73.8"}]
["Faz Adubação Mineral, quando necessário",43,null,{"v":53.75,"d":"53.8"}]
["Faz Adubação Orgânica, quando necessário",17,null,{"v":21.25,"d":"21.3"}]
["Faz Adubação Verde, quando necessário",5,null,{"v":6.25,"d":"6.3"}]
["Utiliza Manejo Integrado de Pragas (MIP)",2,null,2.5]
["Utiliza Hidroponia","-",null,"-"]
["Utiliza Cultivo em Estufa","-",null,"-"]
["Utiliza Mudas Fiscalizadas",8,null,{"v":10,"d":"10.0"}]
["Utiliza Semente Melhorada",22,null,27.5]
["Faz Confinamento de Bovinos",1,null,{"v":1.25,"d":"1.3"}]
["Utiliza Pastejo Intensivo",9,null,{"v":11.25,"d":"11.3"}]
["Faz Inseminação Artificial",1,null,{"v":1.25,"d":"1.3"}]
["Faz Mineralização do Rebanho",36,null,{"v":45,"d":"45.0"}]
["Faz Vermifugação do Rebanho",38,null,47.5]
["Possui Parceiros /Arrendatários na Exploração Animal",12,null,{"v":15,"d":"15.0"}]
["Existência de trabalhadores c/ deficiência na UPA",1,null,{"v":1.25,"d":"1.3"}]
["Esporte e lazer",3,null,{"v":3.75,"d":"3.8"}]
["Extração mineral","-",null,"-"]
["Hotel Fazenda, Pousada ou SPA","-",null,"-"]
["Pesque-pague","-",null,"-"]
["Restaurante ou Lanchonete","-",null,"-"]
["Transformação artesanal","-",null,"-"]
["Turismo rural ou ecoturismo","-",null,"-"]
["Outras atividades econômicas rurais","-",null,"-"]
["Agroindústria","-",null,"-"]
["Proprietário sem instrução ou com instrução incompleta","-",null,"-"]
["Proprietário com antigo primário completo",25,null,{"v":31.25,"d":"31.3"}]
["Proprietário com 1° grau (ou antigo ginasial) completo",7,null,{"v":8.75,"d":"8.8"}]
["Proprietário com 2° grau (ou antigo colegial) completo",15,null,{"v":18.75,"d":"18.8"}]
["Proprietário com curso superior completo ",31,null,{"v":38.75,"d":"38.8"}]
["Pessoa Jurídica",2,null,2.5]
["Proprietário residente na própria UPA ",22,null,27.5]
["Fonte: Secretaria de Agricultura e Abastecimento, CDRS/IEA, Projeto LUPA."]
[]
["TABELA 641.5 - Área Cultivada, Município de Trabiju, Estado de São Paulo, 2016/17."]
["CULTURA","N.DE UPAs","MÍNIMO","MÉDIO","MÁXIMO","TOTAL"]
["Cana-de-acucar finalidade industria",59,0.5,{"v":55.37,"d":"55.4"},401.2,{"v":3266.7,"d":"3,266.7"}]
["Braquiaria",51,{"v":1,"d":"1.0"},{"v":19.25,"d":"19.3"},100.8,981.6]
["Laranja Industria",2,95.8,{"v":114.35,"d":"114.4"},132.9,228.7]
["Gramas",8,1.2,9.7,{"v":30,"d":"30.0"},77.6]
["Tangor",1,{"v":38,"d":"38.0"},{"v":38,"d":"38.0"},{"v":38,"d":"38.0"},{"v":38,"d":"38.0"}]
["Milho safra",2,2.4,13.7,{"v":25,"d":"25.0"},27.4]
["Coloniao",2,{"v":5,"d":"5.0"},9.7,14.4,19.4]
["Cana-de-acucar outras finalidades",5,{"v":1,"d":"1.0"},3.6,{"v":6,"d":"6.0"},{"v":18,"d":"18.0"}]
["Eucalipto",5,0.5,{"v":3.24,"d":"3.2"},9.4,16.2]
["Mandioca",1,{"v":12,"d":"12.0"},{"v":12,"d":"12.0"},{"v":12,"d":"12.0"},{"v":12,"d":"12.0"}]
["Cafe",4,0.4,{"v":2.58,"d":"2.6"},7.2,10.3]
["Arroz",1,4.8,4.8,4.8,4.8]
["Feijao",1,4.8,4.8,4.8,4.8]
["Capim-napier (ou capim-elefante)",2,{"v":1,"d":"1.0"},1.7,2.4,3.4]
["Outras florestais",1,{"v":3,"d":"3.0"},{"v":3,"d":"3.0"},{"v":3,"d":"3.0"},{"v":3,"d":"3.0"}]
["Alface",1,{"v":2,"d":"2.0"},{"v":2,"d":"2.0"},{"v":2,"d":"2.0"},{"v":2,"d":"2.0"}]
["Sorgo",1,{"v":2,"d":"2.0"},{"v":2,"d":"2.0"},{"v":2,"d":"2.0"},{"v":2,"d":"2.0"}]
["Fonte: Secretaria de Agricultura e Abastecimento, CDRS/IEA, Projeto LUPA."]